| 000 | 00526nam a2200217Ia 4500 | ||
|---|---|---|---|
| 001 | 3243 | ||
| 005 | 20240113233620.0 | ||
| 007 | ta | ||
| 008 | 050412s1913 g b000 u eng u | ||
| 040 | _aCotton College,Assam | ||
| 041 | _aeng | ||
| 082 |
_a370.05 _bIn 2 In |
||
| 100 | _aGOI, . | ||
| 245 | 0 |
_aIndian education in 1913 -14 / _cGOI. _hReports |
|
| 260 |
_aNew Delhi : _bGOI , _c1913. |
||
| 300 | _c26cm. | ||
| 653 | _aReport - education | ||
| 942 |
_2ddc _cBK |
||
| 999 |
_c3231 _d3231 |
||